000 01524nam a2200337 a 4500
001 0000326
003 DO-SdBNP
005 20160421141013.0
007 0000326
008 150130s1998 dr abc 000 0 spa d
020 _a8482610783
040 _aBPMSU
_bspa
_cBPMSU
092 _a372.257
_bR696c, 1ro. 1998
100 1 _aRodríguez Matos, A. Josefina
245 1 0 _aCiencias de la naturaleza 1 :
_beducación básica /
_cA. Josefina Rodríguez Matos, Claudia Llibre de Vargas ; dirección editorial Obdulia García de Escobar ; Ilustraciónes Ruddy Núñez, Frank Suárez
260 _aSanto Domingo :
_bSantillana,
_c1998.
300 _a111 p. :
_bil. ;
_c28 cm.
505 1 _tNuestro cuerpo --
_tEl cuidado de nuestro cuerpo --
_tLos sentidos --
_tEl cuidado de los sentidos --
_tOlores y sabores --
_tTemperatura y texturas --
_tFormas y tamaños --
_tLa luz y el color --
_tEl sonido --
_tLa nutrición --
_tLa naturaleza y su variedad --
_tLas plantas --
_tLos animales --
_tEl medio ambiente --
_tLa seguridad --
650 _aCIENCIAS NATURALES
_xENSEÑANZA BÁSICA
650 _aCIENCIAS NATURALES
_xEDUCACIÓN PRIMARIA
650 _aEDUCACIÓN PRIMARIA
_xREPÚBLICA DOMINICANA
650 _aCIENCIAS NATURALES
_xLIBROS DE TEXTO
650 _aCIENCIAS NATURALES
_xESTUDIOS Y EJERCICIOS
700 1 _aLlibre de Vargas, Claudia
700 1 _aGarcía de Escobar, Obdulia
_edir. ed.
700 1 _aNúñez, Ruddy
_eil.
700 1 _aSuárez, Frank
_eil.
910 _a00144
942 _2ddc
_cBK
956 _aYLOCKWARD
_b10
999 _c9900
_d9900